The Quiet sun (Record no. 4470)

MARC details
000 -LEADER
fixed length control field 00510nam a2200181Ia 4500
003 - CONTROL NUMBER IDENTIFIER
control field IN-BaIIA
008 - FIXED-LENGTH DATA ELEMENTS--GENERAL INFORMATION
fixed length control field 211028s9999 xx 000 0 eng d
040 ## - CATALOGING SOURCE
Transcribing agency IIA Library
080 ## - UNIVERSAL DECIMAL CLASSIFICATION NUMBER
Universal Decimal Classification number 523.94
Item number GIB
100 ## - MAIN ENTRY--PERSONAL NAME
Personal name Gibson, George E
9 (RLIN) 7803
245 #4 - TITLE STATEMENT
Title The Quiet sun
Statement of responsibility, etc. George E. Gibson
260 ## - PUBLICATION, DISTRIBUTION, ETC.
Place of publication, distribution, etc. Washington
Name of publisher, distributor, etc. National Aeronautics and Space Administration
Date of publication, distribution, etc. 1973
300 ## - PHYSICAL DESCRIPTION
Extent xvii, 330p.
650 ## - SUBJECT ADDED ENTRY--TOPICAL TERM
Topical term or geographic name entry element Astronomy and Astrophysics Thesaurus
650 ## - SUBJECT ADDED ENTRY--TOPICAL TERM
Topical term or geographic name entry element Solar Space
9 (RLIN) 7804
650 ## - SUBJECT ADDED ENTRY--TOPICAL TERM
Topical term or geographic name entry element Sun
9 (RLIN) 1200
942 ## - ADDED ENTRY ELEMENTS (KOHA)
Koha item type Books
Holdings
Withdrawn status Lost status Damaged status Not for loan Home library Current library Shelving location Date acquired Total Checkouts Full call number Barcode Date last seen Price effective from Koha item type
        IIA Library-Bangalore IIA Library-Kodaikanal General Stacks 13/08/1974   523.94/ GIB 4992 05/11/2021 13/08/1974 Books

Powered by Koha